000 04419nam a2200277Ia 4500
003 CO-CtgCURN
005 20251119161442.0
008 190725s2016 xx g 000 0 spa d
020 _a9789588951638
040 _aCO-CtgCURN
_bspa
_ccoctgcurn
082 _a616.007
_bA346
100 _aAlcalá Malavé, Antonio
_92170
_eautor
_eprólogo
245 0 _aGenética de la emoción :
_bel origen de la enfermedad /
_cAntonio Alcalá Malavé
250 _a1 edición
260 _aEspaña :
_bGemini S.A.S.,
_c2016
300 _a194 páginas :
_bilustraciones ;
_c25 centímetros
500 _aIncluye prólogo, epílogo e índice
505 _a1. La carta de Albert Einstein -- 2. Que es este libro -- 3. Que es la hipnosis? -- Ondas cerebrales y frecuencias cerebrales -- Que es la terapia regresiva -- Resultados terapéuticos de la hipnosis regresiva -- 4. Que es el método hipnótico? -- Tipos de hipnosis recomendadas -- ¿Que beneficios tiene la hipnosis a un corto o largo plazo? -- 5. Que es el ADN? -- Transición (mutación ADN) -- Transversion -- El ADN del cuerpo energético -- 6. Entender los pensamientos (pensamos) -- 7. Entender el sentimiento (sentimos) -- 8. Entender la emoción (lo vivimos) -- 9. Que es la transmisión de pensamientos, sentimientos y emociones -- 10. Cómo entender el cambio del ADN influenciado por nuestro propio entorno -- Influencia sobre el ADN --La prueba de la existencia de la matriz divina -- 11. Cómo influimos en nuestro entorno -- La resonancia magnética nuclear -- 12. Anatomía y fisiología -- Aparato digestivo .-- Aparato respiratorio -- Aparato excretor -- Aparato cardiocirculatorio y sangre -- Aparato reproductor -- aparato nerviosos -- Los sentidos -- Aparato endocrino -- Sistema linfático -- Sistema óseo -- Sistema muscular -- 13. Entiendo la biología celular y molecular -- La biología molecular -- 14. Entender la enfermedad -- Emociones y órganos diana -- ¿Que es un mapa cromosómico? -- Patología del aparato digestivo -- Patología del aparato respiratorio -- Patología de la piel -- Patología del aparato excretor -- Patología del aparato cardiocirculatorio y sangre -- Patología del sistema nervioso -- Patología del aparato reproductor -- Patología del aparato endocrino -- Patología del sistema óseo -- Patología de los sentidos -- Enfermedades mentales -- Enfermedades del alma -- 15. Cómo entender las diferentes vidas y su relación con la enfermedad -- Marcos, el fisioterapeuta -- Miriam, maestra de reiki.
520 _aEste es un libro que busca el origen de la felicidad, asumiendo que en esa felicidad está, a su vez, la no enfermedad como directa consecuencia de la capacidad de sembrar amor en la vida. Es el resultado de veintiséis años de observación de las emociones y sentimientos que acompañaban a los pacientes que veía en mi consulta, a los que les pedía que me describieran con la mayor exactitud, aparte de la patología que les traía a mí, todo su mundo emocional y todas aquellas dolencias por las que venían a mí... Mi sorpresa fue cuando determinadas emociones no tenían correlación alguna con ninguna enfermedad actual. Fue entonces cuando solo encontré una salida: practicar la hipnosis regresiva…» En Genética de la emoción: el origen de la enfermedad, el Dr. Alcalá explica con detalle cuál es su técnica hipnótica, así como cuáles son las emociones básicas y los «órganos diana» sobre los que esas emociones actúan generando una patología. Asimismo, nos revela con qué otra emoción contrarrestar aquella que incidió en nuestra salud para, así, mejorar sustancialmente de la patología en cuestión. El autor defiende, al modo de Brian Weiss, la existencia de vidas pasadas y la incidencia que los «errores de amor» en esas vidas tienen en la salud de la vida actual. Nadie hasta ahora, en la comunidad científica, había localizado todas las emociones y sus correspondientes mutaciones sobre las cadenas del ADN, que actúan como desencadenantes o coadyuvantes de la enfermedad, para lograr asignar sobre el genoma humano, la posición de cada una de las patologías médicas relatadas en este libro.
521 _aAREA BASICA
590 _aPrograma de Enfermería_27
650 _aEmociones
_92171
650 _aEnfermedad
_92172
942 _cBK
_h616.007
_iA346
_2ddc
999 _c30136
_d30136